| 000 | 01074cam a2200313 a 4500 | ||
|---|---|---|---|
| 001 | 25190 | ||
| 003 | BD-RjUL | ||
| 005 | 20211209050838.0 | ||
| 008 | 140316r19531919enk b 000 0 eng | ||
| 035 | _a(BD-RjUL)25259 | ||
| 040 |
_aDLC _cDLC _dDLC _dBD-RjUL _beng |
||
| 041 | _aeng | ||
| 082 | 0 | 0 |
_a883.01 _219 _bHOH 1953 |
| 100 | 1 |
_aHomer, _977493 |
|
| 245 | 1 | 0 |
_aHomer, The Odyssey / _cHomer ; with an English Translation by A.T. Murray. _nVolume-1 |
| 260 |
_aLondon : _bWilliam Heinemann Ltd. ; _aCambridge, Mass. : _bHarvard University Press, _c1919 _c[Reprinted 1953]. |
||
| 300 |
_a xiv, 465 +10 p. : _bIll.; _c18 cm. |
||
| 490 | _aLoeb classical library; | ||
| 500 | _a"In Two Volumes" | ||
| 504 | _aIncludes Bibliographical rederences . | ||
| 600 | 0 | 0 |
_aHomer. _9117350 |
| 650 | 0 |
_aOdysseus (Greek mythology) in literature. _977496 |
|
| 650 | 0 |
_aEpic poetry, Greek _xHistory and criticism. _966982 |
|
| 700 | 1 |
_aMurray, A.T., tr. _977508 |
|
| 830 |
_aLoeb classical library; _9117351 |
||
| 942 |
_2ddc _cBK |
||
| 999 |
_c25190 _d25190 |
||